Úloha voľného obchodu pri podpore trvalo udržateľného rozvoja bakalárska práca

Na minha lista:
Detalhes bibliográficos
Autor principal: Floreková, Alexandra Anna
Autor Corporativo: Obchodná fakulta EU. Katedra medzinárodného obchodu
Outros Autores: Bato, Vladyslav, 2000-
Formato: Livro
Idioma:eslovaco
Publicado em: Bratislava 2024
Tags: Adicionar Tag
Sem tags, seja o primeiro a adicionar uma tag!

MARC

LEADER 00000nbm a2200000 4500
001 0302353
005 20250110135002.7
041 0 |a slo 
044 |a SK 
245 1 0 |a Úloha voľného obchodu pri podpore trvalo udržateľného rozvoja  |b bakalárska práca  |c Alexandra Anna Floreková ; školiteľ: Vladyslav Bato 
264 1 |a Bratislava  |c 2024 
300 |a 44 s. 
100 1 |a Floreková, Alexandra Anna 
700 1 |a Bato, Vladyslav, 2000- 
710 2 |a Obchodná fakulta EU. Katedra medzinárodného obchodu